000
00230nam a22001097a 4500
020
_a
978-1-40930-0009-0
082
_a
821
245
_a
RHYME TO SHARE
260
_a
LONDON
_b
LADTBIRD
650
_a
ENGLISH RHYMES
_z
LONDON
942
_c
BK
999
_c
1770
_d
1770